Communes du Hainaut (Belgique) - Statistiques

Statistiques générales
  • Ce quiz a été pris 1 489 fois
    1 469 depuis la dernière actualisation
  • Le résultat moyen est 31 sur 69
Réponses sur la Carte
Les réponses sont colorées sur une échelle allant du rouge au vert en fonction du pourcentage des utilisateurs qui les ont devinées à leur premier essai. Vous pouvez retrouver ces pourcentages ci-dessous.
 
Statistiques - réponses
Réponse % Correct
Mons
94%
Charleroi
93%
Tournai
89%
La Louvière
80%
Ath
76%
Mouscron
74%
Chimay
72%
Binche
68%
Soignies
64%
Comines-Warneton
58%
Thuin
57%
Enghien
56%
Dour
54%
Braine-le-Comte
52%
Fleurus
52%
Peruwelz
51%
Saint-Ghislain
51%
Leuze-en-Hainaut
50%
Châtelet
49%
Beaumont
46%
Jurbise
46%
Courcelles
45%
Anderlues
44%
Boussu
44%
Manage
44%
Quaregnon
44%
Quévy
44%
Morlanwelz
43%
Antoing
42%
Erquelinnes
42%
Frameries
42%
Le Roeulx
42%
Lessines
42%
Silly
42%
Ham-sur-Heure-Nalinnes
41%
Quiévrain
41%
Brugelette
40%
Ecaussinnes
40%
Fontaine-L'Evêque
40%
Frasnes-Lez-Avaing
40%
Lobbes
40%
Beloeil
39%
Gerpinnes
39%
Seneffe
39%
Momignies
38%
Pont-à-Celles
37%
Bernissart
36%
Colfontaine
36%
Lens
36%
Montigny-le-Tilleul
36%
Celles
35%
Estinnes
35%
Farciennes
35%
Froidchapelle
35%
Chapelle-Lez-Herlaimont
34%
Chièvres
34%
Estaimpuis
34%
Pecq
34%
Sivry-Rance
33%
Ellezelles
31%
Flobecq
31%
Merbes-le-Château
31%
Mont-de-l'Enclus
31%
Brunehaut
29%
Les Bons Villers
29%
Rumes
29%
Hensies
28%
Honnelles
28%
Aiseau-Presles
27%
Aucun quiz correspondant
Distribution des résultats
% des personnes avec chaque résultat
Percentile par nombre de réponses
Votre historique - résultats
Vous n’avez pas pris ce quiz depuis la dernière actualisation